Normal view MARC view
  • India

Entry Geographic Name

Number of records used in: 4

001 - CONTROL NUMBER

  • control field: 10259

003 - CONTROL NUMBER IDENTIFIER

  • control field: NUST

005 - DATE AND TIME OF LATEST TRANSACTION

  • control field: 20180426061130.0

008 - FIXED-LENGTH DATA ELEMENTS

  • fixed length control field: 180426|| aca||aabn | a|a d

040 ## - CATALOGING SOURCE

  • Original cataloging agency: NUST
  • Transcribing agency: NUST

151 ## - HEADING--GEOGRAPHIC NAME

  • Geographic name: India
  • General subdivision: Politics and government
  • Chronological subdivision: 21st century.

670 ## - SOURCE DATA FOUND

  • Source citation: Work cat.: (NUST)0: Javed, Syed Hasan, 1955- author. 10255, National building paradoxes in India and Pakistan :
© 2023 Central Library, National University of Sciences and Technology. All Rights Reserved.